Lecturas en derecho fiscal (Registro nro. 92018)

Detalles MARC
000 -ENCABEZADO
Número de control [NR] 01299nam a22002417a 4500
008 - DE LONGITUD FIJA DE DATOS DE ELEMENTOS - INFORMACIÓN GENERAL
Elementos de longitud fija [NR] 130821s2003 ck gr spa
020 ## - NUMERO INTERNACIONAL NORMALIZADO PARA LIBROS [R]
Número Internacional Normalizado del libro [NR] 9586167925
040 ## - FUENTE DE CATALOGACION [NR]
Agencia de catalogación original [NR] Co-BoUCM
Idioma de catalogación [NR] spa
041 00 - CODIGO DE IDIOMA [R]
Código de idioma para texto/pista de sonido o título separado [R] Español
092 04 - SIGNATURA TOPOGRAFICA LOCAL
Número de clasificación local 344.3
Edition number 20
110 20 - ASIENTO PRINCIPAL--NOMBRE CORPORATIVO [NR]
Nombre corporativo o de jurisdicción como elemento de entrada [NR] Universidad Externado de Colombia.
Unidad subordinada [R] Departamento de Derecho Fiscal.
-- Centro de Estudios Fiscales
ID de autoridad 139837
245 00 - MENCION DE TITULO [NR]
Título [NR] Lecturas en derecho fiscal
Mención de responsabilidad, etc. [NR] Universidad Externado de Colombia.
260 ## - PUBLICACION, DISTRIBUCION, ETC. (PIE DE IMPRENTA) [R]
Lugar de publicación, distribución, etc. [R] Bogotá (Colombia)
Nombre del editor, distribuidor, etc. [R] Univ. Externado de Colombia
Fecha de publicación, distribución, etc. [R] 2003
300 ## - DESCRIPCION FISICA [R]
Extensión [R] 411 páginas
500 ## - NOTA GENERAL [R]
Nota general [NR] Homenaje a Fernando Hinestrosa 40 años de rectoría 1963-2003.
505 ## - NOTA DE CONTENIDO CON FORMATO PREESTABLECIDO [R]
Nota de contenido con formato preestablecido [NR] Alcance de la nueva reforma tributaria. Jurisprudencia tributaria constitucional. Derecho constitucional tributario. Consideraciones en torno a la financiación. La irresponsabilidad regulatoria o el sutil arte de profundizar el déficit fiscal. Gravamen a los movimientos financieros. La reforma procedimental en la ley 788 de 2002. Impuesto de timbre nacional.
650 04 - ASIENTO SECUNDARIO DE MATERIA - TERMINO TEMATICO [R]
Término temático o nombre geográfico como elemento de entrada [NR] Derecho tributario
Subdivisión geográfica [R] Colombia
9 (RLIN) 38466
650 04 - ASIENTO SECUNDARIO DE MATERIA - TERMINO TEMATICO [R]
Término temático o nombre geográfico como elemento de entrada [NR] Impuestos
Subdivisión geográfica [R] Colombia
9 (RLIN) 17253
650 04 - ASIENTO SECUNDARIO DE MATERIA - TERMINO TEMATICO [R]
Término temático o nombre geográfico como elemento de entrada [NR] Reforma tributaria
Subdivisión geográfica [R] Colombia
9 (RLIN) 27720
700 1# - ASIENTO SECUNDARIO - NOMBRE PERSONAL [R]
Nombre personal [NR] Piza Rodriguez, Julio Roberto
9 (RLIN) 42365
700 1# - ASIENTO SECUNDARIO - NOMBRE PERSONAL [R]
Nombre personal [NR] Restrepo Salazar, Juan Camilo
Fechas asociadas con el nombre [NR] 1946-
9 (RLIN) 34541
942 ## - ELEMENTOS DE ENTRADA AGREGADOS (KOHA)
Tipo de ítem principal el descrito en 300a Libro
Tema principal Derecho
Edición 1
Parte restante de la signatura top. U588L
Sistema de clasificación DEWEY
Clasificación 344.3
Existencias
Fecha de último préstamo Total préstamos Total Renewals Signatura topográfica Código de barras Última vez visto Ejemplar Price effective from Tipo de ítem Perdido Sistema de clasificación Dañado No prestable Tipo de ítem específico Suprimido Ubicación habitual Ubicación actual Localización Fecha de creación Forma de adquisición Costo
21/01/2021 18 10 344.3 U588L 100067235 05/12/2025 Ej.1 03/02/2013 Libro   DEWEY     Libro   Claustro Claustro 3er piso 28/02/2004 Donación 26000.00